La nazione armata (Record no. 154388)

MARC details
000 -LEADER
campo de control de longitud fija 00909nam a2200205 i 4500
001 - NÚMERO DE CONTROL
campo de control 154388
003 - IDENTIFICADOR DE NÚMERO DE CONTROL
campo de control ES-MaACL
005 - FECHA Y HORA DE LA ÚLTIMA TRANSACCIÓN
campo de control 20251223063021.0
008 - DATOS DE LONGITUD FIJA--INFORMACIÓN GENERAL
campo de control de longitud fija 040707s1898 it |||| | ita d
100 1# - ENTRADA PRINCIPAL--NOMBRE DE PERSONA
Nombre de persona Goltz, Colmar von der,
Títulos y otros términos asociados al nombre Baron
9 (RLIN) 127365
245 13 - MENCIÓN DEL TÍTULO
Título La nazione armata
Resto del título : libro sull'organizzazione degli eserciti e la condotta della guerra dei tempi nostri /
Mención de responsabilidad, etc. del Barone Colmar von der Goltz.
250 ## - MENCION DE EDICION
Mención de edición 2ª ed... della traduzione italiana / fatta... Pasquale Meomartini.
260 ## - PUBLICACIÓN, DISTRIBUCIÓN, ETC.
Lugar de publicación, distribución, etc. Roma :
Nombre del editor, distribuidor, etc. Enrico Voghera,
Fecha de publicación, distribución, etc. 1898 (
Lugar de fabricación/manufactura Benevento :
Fabricante Tip. Giuseppe De Martini)
300 ## - DESCRIPCIÓN FÍSICA
Extensión XV, 502, [2] p., [1] h. pleg. ;
Dimensiones 25 cm.
650 #4 - PUNTO DE ACCESO ADICIONAL DE MATERIA--TÉRMINO DE MATERIA
Término de materia o nombre geográfico como elemento de entrada Fuerzas armadas.
9 (RLIN) 12997
650 07 - PUNTO DE ACCESO ADICIONAL DE MATERIA--TÉRMINO DE MATERIA
Término de materia o nombre geográfico como elemento de entrada Arte y ciencia militar
Fuente del encabezamiento o término embne
9 (RLIN) 135619
700 1# - ENTRADA AGREGADA--NOMBRE PERSONAL
Nombre de persona Meomartini, Pasquale.
9 (RLIN) 129844
852 ## - LOCALIZACIÓN
Ubicación ES-MaACL
Número de control de estantería F-9905
Nota libre - Enc. hol., conservando enc. original
-- - Donación de Luis Luchesi
Holdings
Estatus retirado Estado de pérdida Estado de daño No para préstamo Colección Biblioteca de origen Biblioteca actual Ubicación en estantería Fecha de adquisición Fuente de adquisición Total de préstamos Signatura topográfica completa Código de barras Visto por última vez Precio de reemplazo Tipo de ítem Koha
        Libros del s. XIX Biblioteca del Ateneo de Madrid Biblioteca del Ateneo de Madrid Sala Pecera Planta 2 17/01/2008     F-9905 1161449 23/02/2023 23/02/2023 Libro impreso antiguo